BUBT Library Online Catalog

Development in Sedimentology (Record no. 631)

000 -LEADER
fixed length control field 00747nam a22002537a 4500
008 - FIXED-LENGTH DATA ELEMENTS--GENERAL INFORMATION
fixed length control field 130826b xxu||||| |||| 00| 0 eng d
020 ## - INTERNATIONAL STANDARD BOOK NUMBER
International Standard Book Number 0 444 42922 0
024 ## - OTHER STANDARD IDENTIFIER
Terms of availability Available
037 ## - SOURCE OF ACQUISITION
Terms of availability Available
040 ## - CATALOGING SOURCE
Original cataloging agency MBSTU Lbrary
Modifying agency MBSTU Lbrary
082 ## - DEWEY DECIMAL CLASSIFICATION NUMBER
Classification number 591.8761 CHD
100 ## - MAIN ENTRY--PERSONAL NAME
Personal name G.V. Chilingarian
110 ## - MAIN ENTRY--CORPORATE NAME
Corporate name or jurisdiction name as entry element K.H. Wolf
245 ## - TITLE STATEMENT
Title Development in Sedimentology
260 ## - PUBLICATION, DISTRIBUTION, ETC. (IMPRINT)
Place of publication, distribution, etc. New York
Name of publisher, distributor, etc. Elsevier
Date of publication, distribution, etc. 1988
300 ## - PHYSICAL DESCRIPTION
Extent 24.5 cm
Other physical details 268Page
Type of unit 1
Size of unit 24.5 cm
600 ## - SUBJECT ADDED ENTRY--PERSONAL NAME
Source of heading or term Sedimentology Developments Rocks
700 ## - ADDED ENTRY--PERSONAL NAME
Personal name G.V. Chilingarian
710 ## - ADDED ENTRY--CORPORATE NAME
Corporate name or jurisdiction name as entry element K.H. Wolf
270 ## - ADDRESS
Address New York
City New York
Country Usa
365 ## - TRADE PRICE
Price amount 9027.00
Unit of pricing 9027.00
942 ## - ADDED ENTRY ELEMENTS (KOHA)
Source of classification or shelving scheme
Koha item type Books

No items available.

More Information About Library

Library Hours

  • Open: 9.00 am. to 9.00 pm.
  • Only Sunday: 9.00 am. to 6.00 pm.
  • Closed: Holiday

Contact to the University

Bangladesh University of Business and Technology Library

  • Mirpurl-2, 1216.
  • Phone:
  • Fax:
  • E-Mail: admin.library@bubt.edu.bd

Contact to the Library

Contact Person:

Md. Abdul Hakim Shah
Joint Librarian
PABX No:  113
Cell No: 01816332931
E-mail: official: admin.library@bubt.edu.bd
Personal: hakim.shah@bubt.edu.bd


BUBT Library

Copyright © 2021